| 000 | 00391nam a22001337a 4500 | ||
|---|---|---|---|
| 008 | 220929b |||||||| |||| 00| 0 eng d | ||
| 082 | _aEnglish Cap No.103 | ||
| 100 | _aChoden | ||
| 245 | _aComparison of dystopian novel The Giver and The Handmaid`s tale | ||
| 260 |
_aThimphu : _bRoyal Thinphu College, _c2021. |
||
| 300 |
_a30 p. _c30 cm. |
||
| 650 | _aStudent Research work | ||
| 942 | _2ddc | ||
| 999 |
_c9123 _d9124 |
||